[Event "Rheinland-chT Seniors 1617"]
[Site "Germany"]
[Date "2017.01.26"]
[Round "5"]
[White "Berg, Erwin"]
[Black "Freise, Friedhelm"]
[Result "0-1"]
[WhiteElo "1402"]
[BlackElo "2071"]
[PlyCount "87"]
[EventDate "2016.10.06"]
[EventType "team-tourn"]
[EventRounds "7"]
[EventCountry "GER"]
[SourceTitle "EXT 2018"]
[Source "ChessBase"]
[SourceDate "2017.10.13"]
[SourceVersion "1"]
[SourceVersionDate "2017.10.13"]
[SourceQuality "1"]

1. e4 c5 2. Bc4 e6 3. Nc3 Nc6 4. f4 a6 5. a3 d6 6. Nf3 Nf6 7. d3 Be7 8. 0-0 d5 9. Ba2 b5 10. b3 Bb7 11. Bb2 b4 12. Ne2 dxe4 13. dxe4 bxa3 14. Bxf6 Bxf6 15. e5 Be7 16. c4 0-0 17. Bb1 Qxd1 18. Rxd1 Rfd8 19. Be4 Rxd1+ 20. Rxd1 Rb8 21. Ra1 Nd4 22. Nc3 Bxe4 23. Nxe4 Rxb3 24. Nfd2 Rd3 25. Kf2 f5 26. exf6 gxf6 27. Nb1 f5 28. Ned2 Nb3 29. Nxb3 Rxb3 30. Nxa3 Bf6 31. Ra2 Rb2+ 32. Rxb2 Bxb2 33. Nb1 Kf7 34. Ke2 e5 35. fxe5 Ke6 36. Kd3 Kxe5 37. Nd2 h5 38. Nb3 Bd4 39. Nd2 Kf4 40. Nf3 Bf6 41. Nd2 h4 42. Nb3 Be7 43. Nd2 a5 44. Kc3 0-1

[Event "Rheinland-chT Seniors 1617"]
[Site "Germany"]
[Date "2016.11.17"]
[Round "3"]
[White "Berg, Erwin"]
[Black "Freise, Helmut"]
[Result "0-1"]
[WhiteElo "1402"]
[BlackElo "2067"]
[PlyCount "46"]
[EventDate "2016.10.06"]
[EventType "team-tourn"]
[EventRounds "7"]
[EventCountry "GER"]
[SourceTitle "EXT 2018"]
[Source "ChessBase"]
[SourceDate "2017.10.13"]
[SourceVersion "1"]
[SourceVersionDate "2017.10.13"]
[SourceQuality "1"]

1. e4 c5 2. Bc4 Nc6 3. f4 e6 4. Nc3 Nge7 5. Nf3 d5 6. exd5 Nxd5 7. d4 cxd4 8. Nxd4 Nxc3 9. bxc3 Bc5 10. Nxc6 Qxd1+ 11. Kxd1 bxc6 12. Ke2 Rb8 13. a4 Ke7 14. Ba3 Bxa3 15. Bb3 Ba6+ 16. c4 Bd6 17. g3 h5 18. Rad1 h4 19. Kf3 hxg3 20. hxg3 Rxh1 21. Rxh1 Rb4 22. Ba2 Bxc4 23. c3 Rxa4 0-1